[Event "Birmingham op"]
[Site "Birmingham"]
[Date "2020.02.22"]
[Round "2"]
[White "Dicu, Dan Alexandru"]
[Black "Chapman, Matt"]
[Result "0-1"]
[WhiteElo "2115"]
[BlackElo "1990"]
[PlyCount "112"]
[EventDate "2020.02.22"]
[EventType "team-swiss"]
[EventRounds "5"]
[EventCountry "ENG"]
[SourceTitle "CBM 195 Extra"]
[Source "ChessBase"]
[SourceDate "2020.05.31"]
[SourceVersion "1"]
[SourceVersionDate "2020.05.31"]
[SourceQuality "1"]
[WhiteTeam "Warwick"]
[BlackTeam "Southampton"]
[WhiteTeamCountry "ENG"]
[BlackTeamCountry "ENG"]

1. e4 c6 2. d4 d5 3. Nc3 dxe4 4. Nxe4 Bf5 5. Ng3 Bg6 6. N1e2 Nf6 7. Nf4 e5 8. dxe5 Qa5+ 9. c3 Qxe5+ 10. Be2 Nbd7 11. 0-0 0-0-0 12. Qa4 Bc5 13. Nxg6 hxg6 14. Bf4 Rh4 15. Bxe5 Rxa4 16. Bxf6 Nxf6 17. a3 Rh4 18. b4 Bd6 19. Rad1 Nd5 20. Rc1 Rdh8 21. h3 Be5 22. c4 Nc3 23. Rfe1 Bf6 24. Bg4+ Kc7 25. Re3 Na4 26. Rd3 Rd8 27. Rxd8 Bxd8 28. c5 f5 29. Bf3 Bf6 30. Re1 a5 31. Bd1 Nc3 32. Bb3 axb4 33. axb4 Rxb4 34. Bf7 f4 35. Nf1 g5 36. Nd2 Rb5 37. Nb3 Nd5 38. Rb1 Bd4 39. Rd1 Bxc5 40. Bxd5 cxd5 41. Nc1 Rb1 42. Rf1 Kc6 43. Nd3 Rxf1+ 44. Kxf1 Bd4 45. Ke2 Kb5 46. h4 gxh4 47. Nxf4 Kc4 48. Ng6 Bf6 49. Kd2 b5 50. Kc2 b4 51. Nf4 b3+ 52. Kb1 d4 53. g3 hxg3 54. fxg3 Kc3 55. g4 d3 56. g5 d2 0-1

[Event "BCF-chTb 1920 (4NCL)"]
[Site "Daventry"]
[Date "2020.02.08"]
[Round "5.87"]
[White "Freeman, Gordon"]
[Black "Dicu, Dan Alexandru"]
[Result "1/2-1/2"]
[WhiteElo "2101"]
[BlackElo "2106"]
[PlyCount "82"]
[EventDate "2019.11.09"]
[EventType "team-tourn"]
[EventRounds "11"]
[EventCountry "ENG"]
[SourceTitle "CBM 194 Extra"]
[Source "ChessBase"]
[SourceDate "2020.03.31"]
[SourceVersion "1"]
[SourceVersionDate "2020.03.31"]
[SourceQuality "1"]
[WhiteTeam "Gonzaga"]
[BlackTeam "Grantham Sharks"]
[WhiteTeamCountry "ENG"]
[BlackTeamCountry "ENG"]

1. d4 d5 2. Nf3 e6 3. c4 a6 4. g3 dxc4 5. Bg2 b5 6. a4 Bb7 7. 0-0 Nd7 8. b3 cxb3 9. Qxb3 Bd5 10. Qc2 c5 11. Nc3 Bc6 12. dxc5 Ngf6 13. axb5 axb5 14. Bg5 Rxa1 15. Rxa1 Bxc5 16. Bxf6 Qxf6 17. Rb1 b4 18. Na4 Bxa4 19. Qxa4 Ke7 20. Rxb4 Bxb4 21. Qxb4+ Ke8 22. Nd4 Qe7 23. Qa4 Kf8 24. Nc6 Nb6 25. Qf4 e5 26. Nxe5 Nd7 27. Nc6 Qc5 28. Qd2 Nf6 29. Qd8+ Ne8 30. Bd5 Qd6 31. Qa5 g6 32. e4 Kg7 33. e5 Qd7 34. Qc5 Nc7 35. Qd6 Qxd6 36. exd6 Nxd5 37. d7 Kf6 38. d8Q+ Rxd8 39. Nxd8 Nb4 40. Kg2 Nd3 41. h4 h5 1/2-1/2

[Event "BCF-chTb 1920 (4NCL)"]
[Site "Daventry"]
[Date "2020.01.12"]
[Round "4.67"]
[White "Eames, Robert"]
[Black "Dicu, Dan Alexandru"]
[Result "1/2-1/2"]
[WhiteElo "2150"]
[BlackElo "2106"]
[PlyCount "197"]
[EventDate "2019.11.09"]
[EventType "team-tourn"]
[EventRounds "11"]
[EventCountry "ENG"]
[SourceTitle "CBM 194 Extra"]
[Source "ChessBase"]
[SourceDate "2020.03.31"]
[SourceVersion "1"]
[SourceVersionDate "2020.03.31"]
[SourceQuality "1"]
[WhiteTeam "Blackthorne Russia"]
[BlackTeam "Grantham Sharks"]
[WhiteTeamCountry "ENG"]
[BlackTeamCountry "ENG"]

1. e4 c5 2. Nf3 Nc6 3. d4 cxd4 4. Nxd4 g6 5. c4 Bg7 6. Be3 Nf6 7. Nc3 0-0 8. Be2 d6 9. 0-0 Bd7 10. Qd2 Nxd4 11. Bxd4 Bc6 12. f3 a5 13. b3 Nd7 14. Be3 Nc5 15. Rab1 e6 16. Rfc1 Be5 17. Bf1 f5 18. exf5 Rxf5 19. Ne2 Be4 20. Bxc5 Bxb1 21. Bd4 Bxa2 22. Qxa2 Bxd4+ 23. Nxd4 Re5 24. Rd1 Qb6 25. Qf2 a4 26. bxa4 Rxa4 27. Bd3 Ra3 28. Nb5 Qxf2+ 29. Kxf2 Ra2+ 30. Kf1 Rg5 31. Be2 Re5 32. Nc3 Rc2 33. Rd3 d5 34. cxd5 exd5 35. Bd1 Rb2 36. Nxd5 b5 37. f4 Re6 38. g4 Rxh2 39. g5 Kg7 40. Ne3 Re4 41. Ng2 Rh1+ 42. Kf2 Re7 43. Bf3 Rb1 44. Ne3 Rb2+ 45. Kg3 h6 46. gxh6+ Kxh6 47. Ng4+ Kg7 48. Rd6 Re1 49. Kh4 Rf1 50. Ne5 Rg1 51. Rd7+ Kf6 52. Rf7+ Ke6 53. Bg4+ Kd5 54. Nxg6 b4 55. Rd7+ Ke4 56. Re7+ Kd4 57. Ne5 Rh1+ 58. Kg5 b3 59. Rd7+ Kc3 60. Rc7+ Kd4 61. Nf3+ Kd5 62. Rd7+ Kc5 63. Nd2 Rh2 64. Ne4+ Kc6 65. Rd3 Rb1 66. Nd2 Rg1 67. Nf3 b2 68. Rb3 Rg3 69. Kf5 Kc7 70. Rb4 Rh8 71. Rxb2 Rf8+ 72. Ke6 Rxg4 73. Ne5 Rgxf4 74. Rc2+ Kb7 75. Rb2+ Ka6 76. Nd7 Re8+ 77. Kd5 Rd8 78. Ke5 Rc4 79. Nf6 Rc5+ 80. Ke6 Rb5 81. Ra2+ Kb7 82. Rh2 Kc6 83. Rc2+ Rc5 84. Rxc5+ Kxc5 85. Ke5 Rd1 86. Ne4+ Kc4 87. Nd6+ Kc5 88. Ne4+ Kc6 89. Nf6 Rd8 90. Ne4 Rd5+ 91. Ke6 Ra5 92. Nf6 Ra1 93. Ke5 Re1+ 94. Kd4 Kd6 95. Ne4+ Ke6 96. Nc5+ Kf5 97. Nd3 Rd1 98. Ke3 Rxd3+ 99. Kxd3 1/2-1/2

[Event "ROM-ch U18"]
[Site "Calimanesti Caciulata"]
[Date "2019.04.22"]
[Round "9"]
[White "Dicu, Dan Alexandru"]
[Black "Talu, Mircea"]
[Result "1-0"]
[WhiteElo "2104"]
[BlackElo "2254"]
[PlyCount "49"]
[EventDate "2019.04.15"]
[EventType "swiss"]
[EventRounds "9"]
[EventCountry "ROU"]
[SourceTitle "CBM 190 Extra"]
[Source "ChessBase"]
[SourceDate "2019.07.15"]
[SourceVersion "1"]
[SourceVersionDate "2019.07.15"]
[SourceQuality "1"]

1. e4 e5 2. Nf3 Nc6 3. d4 exd4 4. Bc4 Nf6 5. e5 d5 6. Bb5 Ne4 7. Nxd4 Bd7 8. Bxc6 bxc6 9. c3 Bc5 10. 0-0 Bb6 11. f3 Ng5 12. Be3 c5 13. Nb3 c4 14. Nd4 c5 15. Ne2 Bc6 16. f4 Ne4 17. Nd2 Nxd2 18. Qxd2 0-0 19. f5 Re8 20. Bg5 Qd7 21. Bf6 gxf6 22. exf6 Kh8 23. Qh6 Rg8 24. Rf4 Bc7 25. Qxh7+ 1-0

[Event "ROM-chT2"]
[Site "Slanic Moldova"]
[Date "2017.10.07"]
[Round "8.4"]
[White "Dicu, Dan Alexandru"]
[Black "Balint, Gyorgy"]
[Result "1-0"]
[WhiteElo "2068"]
[BlackElo "1954"]
[PlyCount "89"]
[EventDate "2017.09.30"]
[EventType "team-tourn"]
[EventRounds "9"]
[EventCountry "ROU"]
[SourceTitle "CBM 181 Extra"]
[Source "ChessBase"]
[SourceDate "2017.12.12"]
[SourceVersion "1"]
[SourceVersionDate "2017.12.12"]
[SourceQuality "1"]
[WhiteTeam "Marmatiei Sighetu"]
[BlackTeam "Bistrita"]
[WhiteTeamCountry "ROU"]
[BlackTeamCountry "ROU"]

1. e4 e5 2. Nf3 Nf6 3. Nxe5 d6 4. Nf3 Nxe4 5. d3 Nf6 6. Bg5 Be7 7. d4 d5 8. Bd3 Bg4 9. Nbd2 0-0 10. 0-0 Nbd7 11. c3 c6 12. Qb3 Qc7 13. Rfe1 Rfe8 14. Qc2 Bxf3 15. Nxf3 h6 16. Bh4 Bd6 17. Bg3 Bxg3 18. hxg3 Qd6 19. Qd2 Ng4 20. Qf4 Qxf4 21. gxf4 Nf8 22. Ne5 Nf6 23. Re3 Ne6 24. g3 Rac8 25. Rae1 Red8 26. Nxf7 Kxf7 27. Rxe6 Re8 28. Rxe8 Nxe8 29. g4 Nd6 30. Kg2 Rc7 31. Kg3 Nc8 32. g5 hxg5 33. fxg5 Nb6 34. b3 Nc8 35. f4 Nd6 36. f5 Nc8 37. Kf4 Nb6 38. Be2 Re7 39. Bh5+ Kf8 40. Rxe7 Kxe7 41. Be2 Nd7 42. c4 dxc4 43. Bxc4 Kd6 44. f6 gxf6 45. g6 1-0

[Event "ROM-chT2"]
[Site "Slanic Moldova"]
[Date "2017.10.06"]
[Round "7.4"]
[White "Florea, Leonard Gelu"]
[Black "Dicu, Dan Alexandru"]
[Result "0-1"]
[WhiteElo "1978"]
[BlackElo "2068"]
[PlyCount "96"]
[EventDate "2017.09.30"]
[EventType "team-tourn"]
[EventRounds "9"]
[EventCountry "ROU"]
[SourceTitle "CBM 181 Extra"]
[Source "ChessBase"]
[SourceDate "2017.12.12"]
[SourceVersion "1"]
[SourceVersionDate "2017.12.12"]
[SourceQuality "1"]
[WhiteTeam "Galati Diana"]
[BlackTeam "Marmatiei Sighetu"]
[WhiteTeamCountry "ROU"]
[BlackTeamCountry "ROU"]

1. d4 d5 2. Bf4 Nf6 3. e3 e6 4. Nd2 Bd6 5. Bg3 0-0 6. Ngf3 c5 7. c3 b6 8. a4 a6 9. Bd3 Bb7 10. 0-0 Nc6 11. Ne5 Ne7 12. Qf3 Ng6 13. h4 Qc7 14. Ng4 Nxg4 15. Bxd6 Qxd6 16. Qxg4 e5 17. h5 Ne7 18. dxe5 Qxe5 19. Nf3 Qc7 20. h6 g6 21. Rfe1 Rad8 22. Qh4 Rd6 23. Qf4 Rc6 24. Qh4 Rd6 25. Qf4 Rfd8 26. Ng5 f6 27. Ne6 Qd7 28. Qxf6 Nc6 29. Qg7+ Qxg7 30. Nxg7 Ne5 31. Be2 Nf7 32. Bg4 Bc8 33. Bxc8 Rxc8 34. Red1 Nxh6 35. Ne6 Rxe6 36. Rxd5 Nf7 37. Rad1 Ree8 38. Rd7 Rcd8 39. Kf1 Kg7 40. R1d6 Rxd7 41. Rxd7 a5 42. Rb7 Re6 43. Ke2 Kf6 44. f4 h5 45. Kf3 g5 46. g3 g4+ 47. Kf2 Nd6 48. b3 Nxb7 0-1

[Event "ROM-chT2"]
[Site "Slanic Moldova"]
[Date "2017.10.03"]
[Round "4.4"]
[White "Dicu, Dan Alexandru"]
[Black "Itkis, Boris"]
[Result "0-1"]
[WhiteElo "2068"]
[BlackElo "2350"]
[PlyCount "76"]
[EventDate "2017.09.30"]
[EventType "team-tourn"]
[EventRounds "9"]
[EventCountry "ROU"]
[SourceTitle "CBM 181 Extra"]
[Source "ChessBase"]
[SourceDate "2017.12.12"]
[SourceVersion "1"]
[SourceVersionDate "2017.12.12"]
[SourceQuality "1"]
[WhiteTeam "Marmatiei Sighetu"]
[BlackTeam "Techirghiol Victoria"]
[WhiteTeamCountry "ROU"]
[BlackTeamCountry "ROU"]

1. d4 Nf6 2. Bf4 g6 3. Nc3 c5 4. dxc5 Qa5 5. Bxb8 Rxb8 6. Qd4 b6 7. c6 dxc6 8. Nf3 Bg7 9. Qe5 Qxe5 10. Nxe5 Bb7 11. f3 0-0 12. 0-0-0 Rfd8 13. Rxd8+ Rxd8 14. e4 Nd7 15. Nxd7 Rxd7 16. Be2 e6 17. Rd1 Bh6+ 18. Kb1 Rxd1+ 19. Nxd1 f5 20. Bd3 Kf7 21. Nc3 Be3 22. Ne2 c5 23. c3 Kf6 24. exf5 gxf5 25. Kc2 h5 26. Ng3 h4 27. Nf1 Bh6 28. Be2 e5 29. g3 Kg5 30. gxh4+ Kxh4 31. Ng3 Kg5 32. Bd3 Bxf3 33. Bxf5 Kf4 34. Bd3 e4 35. Bf1 Kg4 36. Be2 Bf4 37. Bxf3+ Kxf3 38. Kd1 Bxg3 0-1

[Event "ROM-chT2"]
[Site "Slanic Moldova"]
[Date "2017.10.02"]
[Round "3.4"]
[White "Dicu, Razvan Stefan"]
[Black "Dicu, Dan Alexandru"]
[Result "1/2-1/2"]
[WhiteElo "2206"]
[BlackElo "2068"]
[PlyCount "85"]
[EventDate "2017.09.30"]
[EventType "team-tourn"]
[EventRounds "9"]
[EventCountry "ROU"]
[SourceTitle "CBM 181 Extra"]
[Source "ChessBase"]
[SourceDate "2017.12.12"]
[SourceVersion "1"]
[SourceVersionDate "2017.12.12"]
[SourceQuality "1"]
[WhiteTeam "Otopeni"]
[BlackTeam "Marmatiei Sighetu"]
[WhiteTeamCountry "ROU"]
[BlackTeamCountry "ROU"]

1. e4 c5 2. Nf3 Nc6 3. d4 cxd4 4. Nxd4 g6 5. Nc3 Bg7 6. Be3 Nf6 7. Nxc6 bxc6 8. e5 Ng8 9. Bd4 Qa5 10. f4 Rb8 11. e6 Nf6 12. exf7+ Kxf7 13. Bc4+ d5 14. Bb3 e6 15. Be5 Ba6 16. Qd2 c5 17. Ne4 Qxd2+ 18. Nxd2 Rb7 19. c4 Rd8 20. 0-0-0 d4 21. h3 Re7 22. g4 Bb7 23. Rhe1 Bg2 24. Rg1 Bc6 25. Rde1 Nd7 26. Bd6 Ree8 27. Rgf1 Kg8 28. Nf3 Bxf3 29. Rxf3 e5 30. Bc2 exf4 31. Rxe8+ Rxe8 32. Ba4 Re6 33. Bxf4 Nb6 34. Bd1 Be5 35. Bg5 Kg7 36. Ra3 Bb8 37. Ra5 h6 38. Bd2 Nxc4 39. Rxc5 Nxd2 40. Kxd2 Re3 41. Rd5 Rxh3 42. Rxd4 Kf6 43. Ra4 1/2-1/2

[Event "ROM-chT2"]
[Site "Slanic Moldova"]
[Date "2017.10.01"]
[Round "2.4"]
[White "Dicu, Dan Alexandru"]
[Black "Vasile, Marian"]
[Result "1-0"]
[WhiteElo "2068"]
[BlackElo "2059"]
[PlyCount "59"]
[EventDate "2017.09.30"]
[EventType "team-tourn"]
[EventRounds "9"]
[EventCountry "ROU"]
[SourceTitle "CBM 181 Extra"]
[Source "ChessBase"]
[SourceDate "2017.12.12"]
[SourceVersion "1"]
[SourceVersionDate "2017.12.12"]
[SourceQuality "1"]
[WhiteTeam "Marmatiei Sighetu"]
[BlackTeam "Husi"]
[WhiteTeamCountry "ROU"]
[BlackTeamCountry "ROU"]

1. e4 c6 2. d4 d5 3. Nc3 dxe4 4. Nxe4 Nd7 5. Ng5 Ngf6 6. Bd3 e6 7. N1f3 Bd6 8. Qe2 0-0 9. Nxe6 Bb4+ 10. c3 fxe6 11. cxb4 Re8 12. 0-0 Nd5 13. a3 Qf6 14. Bg5 Qf7 15. Ne5 Nxe5 16. dxe5 a6 17. Rac1 Bd7 18. Rc4 a5 19. bxa5 Rxa5 20. Rh4 g6 21. Rg4 Rea8 22. h4 Be8 23. h5 Qg7 24. Qc2 Qxe5 25. hxg6 h5 26. Rg3 Nf4 27. Bxf4 Qxf4 28. Qb3 Qf6 29. Qxb7 R5a7 30. Qh7+ 1-0

[Event "ROM-ch U16"]
[Site "Baile Felix"]
[Date "2017.02.06"]
[Round "6"]
[White "Dicu, Dan Alexandru"]
[Black "Szocs, Teodor Iulian"]
[Result "1/2-1/2"]
[WhiteElo "1961"]
[BlackElo "1920"]
[PlyCount "71"]
[EventDate "2017.02.02"]
[EventType "swiss"]
[EventRounds "9"]
[EventCountry "ROU"]
[SourceTitle "CBM 176 Extra"]
[Source "ChessBase"]
[SourceDate "2017.03.02"]
[SourceVersion "1"]
[SourceVersionDate "2017.03.02"]
[SourceQuality "1"]

1. d4 Nf6 2. Bf4 d5 3. Nf3 Bf5 4. e3 e6 5. c4 c6 6. Qb3 Qb6 7. c5 Qxb3 8. axb3 Nbd7 9. b4 Bxb1 10. Rxb1 a6 11. h3 Be7 12. Bd3 0-0 13. Ra1 Rac8 14. 0-0 Rfe8 15. Nd2 Bd8 16. Nb3 Bc7 17. Na5 Bxf4 18. exf4 Rc7 19. Rfe1 g6 20. g4 Kg7 21. Kg2 Ng8 22. Re3 f6 23. Rae1 Kf7 24. Nb3 Rcc8 25. Nd2 f5 26. Nf3 h6 27. g5 h5 28. Bf1 Rc7 29. Ra3 Ne7 30. Nd2 Nc8 31. b3 Na7 32. Rc1 Nb8 33. Raa1 Ree7 34. Kf3 Re8 35. h4 Nb5 36. Ke3 1/2-1/2

[Event "ROM-ch U16"]
[Site "Calimanesti Caciulata"]
[Date "2016.04.21"]
[Round "5"]
[White "Dicu, Dan Alexandru"]
[Black "Vasiesiu, Victor"]
[Result "0-1"]
[WhiteElo "1944"]
[BlackElo "2131"]
[PlyCount "84"]
[EventDate "2016.04.18"]
[EventType "swiss"]
[EventRounds "9"]
[EventCountry "ROU"]
[SourceTitle "CBM 172 Extra"]
[Source "ChessBase"]
[SourceDate "2016.06.21"]
[SourceVersion "1"]
[SourceVersionDate "2016.06.21"]
[SourceQuality "1"]

1. e4 e6 2. d4 d5 3. Nd2 Nc6 4. Ngf3 Nf6 5. e5 Nd7 6. c4 dxc4 7. Nxc4 Nb6 8. Nxb6 axb6 9. Bc4 Na5 10. Bd3 Bb4+ 11. Kf1 Be7 12. Be4 Bd7 13. Bd2 Bc6 14. Bxc6+ Nxc6 15. Be3 Qd5 16. a3 0-0 17. g3 f6 18. Kg2 Rad8 19. Re1 fxe5 20. dxe5 Qe4 21. Bd2 Qxf3+ 22. Qxf3 Rxf3 23. Kxf3 Rxd2 24. b4 Rd5 25. Rad1 Rxd1 26. Rxd1 Nxe5+ 27. Ke4 Bd6 28. h3 Kf7 29. b5 Ke7 30. Rc1 Nd7 31. Rc3 Nc5+ 32. Kd4 e5+ 33. Kd5 Kd7 34. Rf3 c6+ 35. Kc4 Ke6 36. Re3 g6 37. Re2 Kf5 38. Re3 Ne4 39. Rd3 Bc5 40. f4 Nd6+ 41. Kb3 e4 42. Rd1 e3 0-1

[Event "ROM-ch U16"]
[Site "Calimanesti Caciulata"]
[Date "2016.04.18"]
[Round "1"]
[White "Carasca, Andrei Pavel"]
[Black "Dicu, Dan Alexandru"]
[Result "0-1"]
[WhiteElo "1482"]
[BlackElo "1944"]
[PlyCount "66"]
[EventDate "2016.04.18"]
[EventType "swiss"]
[EventRounds "9"]
[EventCountry "ROU"]
[SourceTitle "CBM 172 Extra"]
[Source "ChessBase"]
[SourceDate "2016.06.21"]
[SourceVersion "1"]
[SourceVersionDate "2016.06.21"]
[SourceQuality "1"]

1. d4 f5 2. c4 Nf6 3. Nc3 e6 4. Nf3 Bb4 5. Qb3 a5 6. a3 a4 7. Qxb4 Nc6 8. Qc5 d6 9. Qb5 Ra5 10. Qxa4 Rxa4 11. Nxa4 Na5 12. Nd2 Ne4 13. Nxe4 fxe4 14. c5 Nb3 15. Rb1 Nxd4 16. e3 Nb3 17. cxd6 cxd6 18. Bc4 Nxc1 19. Rxc1 0-0 20. 0-0 Qa5 21. Bb3 Bd7 22. Nc3 Qb6 23. Bc2 Qxb2 24. Nxe4 Rc8 25. Nxd6 Rxc2 26. Rxc2 Qxc2 27. Nxb7 Bb5 28. Re1 Qc7 29. a4 Bd3 30. a5 Qxb7 31. Ra1 Qb2 32. Rd1 Qc2 33. Ra1 Qc3 0-1

[Event "ROM-ch U14"]
[Site "Calimanesti"]
[Date "2015.04.05"]
[Round "8"]
[White "Dicu, Dan Alexandru"]
[Black "Alboni, Denis Dean"]
[Result "1-0"]
[WhiteElo "1909"]
[BlackElo "1665"]
[PlyCount "57"]
[EventDate "2015.03.30"]
[EventType "swiss"]
[EventRounds "9"]
[EventCountry "ROU"]
[SourceTitle "CBM 165 Extra"]
[Source "ChessBase"]
[SourceDate "2015.04.21"]
[SourceVersion "1"]
[SourceVersionDate "2015.04.21"]
[SourceQuality "1"]

1. e4 e6 2. d4 d5 3. Nd2 b6 4. Bd3 Ba6 5. Bxa6 Nxa6 6. c3 Qd7 7. Ngf3 c5 8. Ne5 Qb7 9. exd5 exd5 10. 0-0 Nf6 11. Re1 Be7 12. dxc5 Nxc5 13. Nf1 0-0 14. Ng3 Nce4 15. Nf5 Bc5 16. Be3 Rad8 17. h3 Rfe8 18. Nf3 b5 19. Bxc5 Nxc5 20. Qd4 Qc8 21. Rxe8+ Rxe8 22. Nd6 Qc6 23. Nxe8 Nxe8 24. Re1 Nf6 25. Ne5 Qc7 26. Ng4 Ncd7 27. Nxf6+ Nxf6 28. Qxd5 a6 29. Qa8+ 1-0

[Event "ROM-ch U14"]
[Site "Calimanesti"]
[Date "2015.04.03"]
[Round "6"]
[White "Dicu, Dan Alexandru"]
[Black "Albu, George"]
[Result "0-1"]
[WhiteElo "1909"]
[BlackElo "1764"]
[PlyCount "82"]
[EventDate "2015.03.30"]
[EventType "swiss"]
[EventRounds "9"]
[EventCountry "ROU"]
[SourceTitle "CBM 165 Extra"]
[Source "ChessBase"]
[SourceDate "2015.04.21"]
[SourceVersion "1"]
[SourceVersionDate "2015.04.21"]
[SourceQuality "1"]

1. e4 c5 2. c3 Qa5 3. Nf3 Nc6 4. Bc4 d6 5. 0-0 Nf6 6. Qb3 e6 7. Re1 a6 8. d4 cxd4 9. Bd2 dxc3 10. Bxc3 Qd8 11. Nbd2 Be7 12. Nf1 0-0 13. e5 dxe5 14. Nxe5 Nxe5 15. Bxe5 b5 16. Qf3 Bd7 17. Bd3 Qb6 18. Rad1 Rfd8 19. Bxf6 Bxf6 20. Bxh7+ Kxh7 21. Rxd7 Rxd7 22. Qxa8 g6 23. Re3 Rd8 24. Qe4 Kg7 25. Rf3 Qd4 26. Qxd4 Rxd4 27. b3 Rd1 28. Re3 Ra1 29. Re2 a5 30. g3 a4 31. bxa4 bxa4 32. Kg2 a3 33. Re4 Rxa2 34. Ra4 Bg5 35. h4 Be7 36. Ra5 Rb2 37. Ne3 Bb4 38. Ra4 Bc5 39. Kf3 a2 40. Ra5 Bd4 41. Ra4 Rd2 0-1

[Event "ROM-ch U14"]
[Site "Calimanesti"]
[Date "2015.04.02"]
[Round "4"]
[White "Dicu, Dan Alexandru"]
[Black "Fluerariu, Radu Cristian"]
[Result "1/2-1/2"]
[WhiteElo "1909"]
[BlackElo "1722"]
[PlyCount "125"]
[EventDate "2015.03.30"]
[EventType "swiss"]
[EventRounds "9"]
[EventCountry "ROU"]
[SourceTitle "CBM 165 Extra"]
[Source "ChessBase"]
[SourceDate "2015.04.21"]
[SourceVersion "1"]
[SourceVersionDate "2015.04.21"]
[SourceQuality "1"]

1. e4 c5 2. c3 d5 3. exd5 Qxd5 4. d4 Bf5 5. Na3 Nc6 6. Be3 cxd4 7. Nb5 0-0-0 8. Nxd4 e6 9. Qa4 Nxd4 10. Qxd4 Qxd4 11. Bxd4 a6 12. Nf3 Ne7 13. Ne5 Bg6 14. Nxg6 Nxg6 15. g3 e5 16. Bh3+ Kc7 17. Be3 h5 18. 0-0 Bd6 19. c4 Rhe8 20. Rfd1 Bf8 21. Bg2 Ne7 22. b4 Nf5 23. a3 Nxe3 24. fxe3 g6 25. Bd5 Rd7 26. Rf1 Ree7 27. e4 Bg7 28. Ra2 Bh6 29. Kg2 Bg7 30. Raf2 f6 31. Rc2 Rd8 32. h3 Rf8 33. Rcf2 Kd6 34. Rd1 Kc7 35. Rh1 Bh6 36. g4 Bf4 37. Kf3 Rg7 38. Rg2 h4 39. Ke2 Rd8 40. Kd3 Re7 41. Kc2 b6 42. Kb3 g5 43. Rb1 Be3 44. Re2 Bd4 45. Rf1 Rf8 46. Rf3 Kd6 47. Re1 Rc7 48. a4 a5 49. Ref1 Ke7 50. bxa5 bxa5 51. Ka2 Bc5 52. Rb1 Bb4 53. Rfb3 Rb8 54. Rc1 Rc5 55. Rf1 Rb6 56. Kb2 Rc8 57. Kc2 Rcb8 58. Rfb1 Kd6 59. Kd3 Kc5 60. R1b2 Kd6 61. Rb1 Kc5 62. R1b2 Kd6 63. Rb1 1/2-1/2

[Event "ROM-ch U14"]
[Site "Calimanesti"]
[Date "2015.04.02"]
[Round "5"]
[White "Dumitru, Matei Ioan"]
[Black "Dicu, Dan Alexandru"]
[Result "1/2-1/2"]
[WhiteElo "1883"]
[BlackElo "1909"]
[PlyCount "73"]
[EventDate "2015.03.30"]
[EventType "swiss"]
[EventRounds "9"]
[EventCountry "ROU"]
[SourceTitle "CBM 165 Extra"]
[Source "ChessBase"]
[SourceDate "2015.04.21"]
[SourceVersion "1"]
[SourceVersionDate "2015.04.21"]
[SourceQuality "1"]

1. e4 c5 2. Nc3 e6 3. f4 d5 4. d3 dxe4 5. dxe4 Qxd1+ 6. Nxd1 Nf6 7. Nf2 Be7 8. Nf3 a6 9. Bd3 0-0 10. Be3 Nbd7 11. c3 b5 12. g4 c4 13. Bc2 Bb7 14. g5 Ne8 15. 0-0-0 Nc5 16. h4 a5 17. Ne5 Nd3+ 18. Nexd3 cxd3 19. Bxd3 Nd6 20. Rhe1 Bc6 21. Bc5 Rfe8 22. Bxd6 Bxd6 23. e5 Bc5 24. Be4 Bxf2 25. Bxc6 Bxe1 26. Bxe8 Bg3 27. Bxb5 Bxf4+ 28. Kc2 Bxe5 29. Re1 Bg3 30. Re4 Kf8 31. Rg4 Bd6 32. a3 f5 33. gxf6 gxf6 34. Re4 Ke7 35. Rg4 Kf7 36. b4 f5 37. Rd4 1/2-1/2

[Event "ROM-ch U14"]
[Site "Calimanesti"]
[Date "2015.04.01"]
[Round "3"]
[White "Paraschiv, Paul Alexandru"]
[Black "Dicu, Dan Alexandru"]
[Result "0-1"]
[WhiteElo "1708"]
[BlackElo "1909"]
[PlyCount "120"]
[EventDate "2015.03.30"]
[EventType "swiss"]
[EventRounds "9"]
[EventCountry "ROU"]
[SourceTitle "CBM 165 Extra"]
[Source "ChessBase"]
[SourceDate "2015.04.21"]
[SourceVersion "1"]
[SourceVersionDate "2015.04.21"]
[SourceQuality "1"]

1. d4 f5 2. e4 fxe4 3. Nc3 Nf6 4. Bg5 c6 5. Bxf6 exf6 6. Nxe4 d5 7. Ng3 Qe7+ 8. Qe2 Qxe2+ 9. Bxe2 Bd6 10. Nf3 0-0 11. 0-0 Be6 12. c3 Nd7 13. Rfe1 Rfe8 14. Bd3 g6 15. Re2 Bg4 16. Rxe8+ Rxe8 17. Re1 Rc8 18. h3 Bxf3 19. gxf3 Kf7 20. h4 h5 21. Nf1 f5 22. Kg2 Nf8 23. Ng3 Ne6 24. Ne2 Re8 25. Rc1 Kf6 26. b3 Rg8 27. Rh1 Rh8 28. Bc2 Re8 29. Bd3 Rh8 30. Bc2 b5 31. Ra1 a5 32. Bd3 Re8 33. Rd1 Ra8 34. Rb1 a4 35. b4 Bf4 36. Rd1 Rg8 37. Ng3 Bh6 38. Bc2 Nf4+ 39. Kf1 Re8 40. Bb1 Bf8 41. Bc2 Bd6 42. Bb1 Kf7 43. Bc2 Re6 44. Rb1 Be7 45. Re1 Rxe1+ 46. Kxe1 Bxh4 47. Ne2 Nh3 48. Ng3 Ng1 49. f4 Bxg3 50. fxg3 Nf3+ 51. Kf2 Nd2 52. Bd3 Ne4+ 53. Bxe4 fxe4 54. Kg2 Ke6 55. g4 hxg4 56. Kg3 Kf5 57. a3 e3 58. Kh4 e2 59. Kg3 e1Q+ 60. Kg2 g3 0-1

[Event "ROM-ch U14"]
[Site "Calimanesti"]
[Date "2014.04.09"]
[Round "5"]
[White "Calin, Alexandru"]
[Black "Dicu, Dan Alexandru"]
[Result "1-0"]
[WhiteElo "1874"]
[BlackElo "1742"]
[PlyCount "69"]
[EventDate "2014.04.06"]
[EventType "swiss"]
[EventRounds "9"]
[EventCountry "ROU"]
[SourceTitle "CBM 160 Extra"]
[Source "ChessBase"]
[SourceDate "2014.07.01"]
[SourceVersion "1"]
[SourceVersionDate "2014.07.01"]
[SourceQuality "1"]

1. d4 d5 2. Nf3 e6 3. g3 c5 4. c4 Nc6 5. cxd5 exd5 6. Bg2 Nf6 7. 0-0 Be7 8. Nc3 0-0 9. dxc5 Bxc5 10. a3 Re8 11. b4 Be7 12. Bb2 Bg4 13. Nb5 a6 14. Nbd4 Ne4 15. Nxc6 bxc6 16. Nd4 Bd7 17. Rc1 Rc8 18. Qd3 Qb6 19. Nb3 Bf8 20. Bd4 Qd8 21. Rc2 Bf5 22. Rcc1 Nc5 23. Qd1 Nxb3 24. Qxb3 Rxe2 25. Be3 Qf6 26. Rfd1 Qg6 27. Qa4 Rc2 28. Qxa6 Re8 29. Rxc2 Bxc2 30. Rd4 Bb3 31. Bf1 Bc2 32. b5 Re6 33. b6 c5 34. Rxd5 Rxb6 35. Qa8 1-0

[Event "ROM-ch U12"]
[Site "Calimanesti"]
[Date "2013.04.05"]
[Round "6"]
[White "Dicu, Dan Alexandru"]
[Black "Negulici, Andrei Daniel"]
[Result "0-1"]
[WhiteElo "1687"]
[BlackElo "1802"]
[PlyCount "58"]
[EventDate "2013.04.02"]
[EventType "swiss"]
[EventRounds "9"]
[EventCountry "ROU"]
[SourceTitle "CBM 153 Extra"]
[Source "ChessBase"]
[SourceDate "2013.04.22"]
[SourceVersion "1"]
[SourceVersionDate "2013.04.22"]
[SourceQuality "1"]

1. e4 e5 2. Nf3 Nc6 3. Bc4 Nf6 4. Ng5 d5 5. exd5 Na5 6. d3 h6 7. Nf3 e4 8. Nfd2 exd3 9. Bxd3 Nxd5 10. 0-0 Be7 11. Nc4 Nc6 12. Ne3 Be6 13. Nxd5 Qxd5 14. Nc3 Qd7 15. Be4 0-0-0 16. Be3 Bf6 17. Qf3 Kb8 18. h3 Ne5 19. Qg3 Nc4 20. Bf4 g5 21. Bc1 Be5 22. Qf3 g4 23. hxg4 Bxg4 24. Qd3 Nd6 25. Bd5 Bf5 26. Ne4 c6 27. Nc5 Bxd3 28. Nxd7+ Rxd7 29. cxd3 cxd5 0-1